000 00585cab a2200217 4500
001 ABS44375
008 090401t1991 xxu||||| |||| 00| 0 eng d
035 _a(Sirsi) u46822
041 _aeng
100 _aSharpe, G.R.
245 _aLime - the forgotten material
260 _c1991
350 _a0
490 _aArchitect and Surveyor
_v6(3) April 1991, 11-12 (2)
520 _aLooks at the suitability of lime for conservation work.
650 _aLIME MORTAR
650 _aLIMESTONE
690 _aBUILT ENVIRONMENT-BUILDING MATERIALS
942 _n0
948 _c04/03/1997
999 _c29567
_d29567